| 000 | 00348nam a22001337a 4500 | ||
|---|---|---|---|
| 020 | _a9787100016834 | ||
| 082 |
_a320.1 _bLOC |
||
| 100 | _aJohn Locke | ||
| 245 |
_a 政府论=Theory of Government (Part 1) (Chinese Edition) _cJohn Locke |
||
| 260 |
_aBeijing _bcommercial press, _c2016 |
||
| 300 | _a138 | ||
| 563 | _aPB | ||
| 942 |
_2ddc _cBK |
||
| 999 |
_c591800 _d591800 |
||